000 00962nam0a22002531 4500
001 rc\4719132
005 20260408083420.0
021 _aRU
_b[67-93702]
035 _a(NLR Aleph) 008728511
090 _a9462409
_c9462409
100 _a20130416d1967 |||y0rusy50 ca
101 0 _arus
102 _aRU
105 _ay z |||||
200 1 _aКонституция (Основной закон) Союза Советских Социалистических Республик
_eС изм. и доп., принятыми на третьей сессии Верховного Совета СССР седьмого созыва
210 _aМосква
_cИзвестия
_d1967
215 _a32 с.
_d20
606 _aКонституция СССР
_2psbo
740 1 _aСССР
_tКонституция
_f1936
_3RU\NLR\AUTH\8810166668
_9829265
801 0 _aRU
_bNLR
_gpsbo
801 1 _aRU
_bELAR
_2rusmarc
852 _aNLR
_j67-4/22957
942 _cBOOK
980 _aNB